[Event "XXIV MEMORIAL J. KOCHANA"]
[Site "Koszalin"]
[Date "2013.08.11"]
[Round "3.8"]
[White "Bartoszewicz, Marcin"]
[Black "Kuciel, Wladyslaw"]
[Result "0-1"]
[WhiteElo "1878"]
[BlackElo "1978"]
[PlyCount "86"]
[EventDate "2013.??.??"]

1. e4 c5 2. Nf3 e6 3. d4 cxd4 4. Nxd4 Nc6 5. Nb5 d6 6. Bf4 e5 7. Be3 a6 8. N5c3
Nf6 9. Be2 Be7 10. O-O O-O 11. a4 Be6 12. Bf3 Nb4 13. Bg5 Rc8 14. Na3 Qb6 15.
Qd2 h6 16. Be3 Qc7 17. Rfd1 Rfd8 18. Ncb5 Qa5 19. Na7 Ra8 20. c3 d5 21. cxb4
Bxb4 22. Qc2 d4 23. Bd2 Rxa7 24. Bxb4 Qxb4 25. Qc7 Qd6 26. Rdc1 Ne8 27. Qa5 b6
28. Qd2 Rc7 29. Rxc7 Qxc7 30. Rc1 Qb7 31. Qd3 Nd6 32. h3 Rc8 33. Re1 b5 34.
axb5 axb5 35. Bg4 Bxg4 36. hxg4 Qc6 37. Re2 Qc1+ 38. Kh2 Qf4+ 39. Kh3 Rc1 40.
g3 Rh1+ 41. Kg2 Qc1 42. Rc2 Qg1+ 43. Kf3 Rh2 0-1

[Event "XXIV MEMORIAL J. KOCHANA"]
[Site "Koszalin"]
[Date "2013.08.11"]
[Round "3.10"]
[White "Wacior, Maciej"]
[Black "Kowalski, Maciej"]
[Result "1-0"]
[WhiteElo "1797"]
[BlackElo "1932"]
[PlyCount "45"]
[EventDate "2013.??.??"]

1. d4 Nf6 2. Nf3 c5 3. c3 e6 4. Bg5 d5 5. e3 Be7 6. Bd3 O-O 7. Ne5 Nc6 8. f4
Bd7 9. O-O a6 10. Nd2 b5 11. Rf3 c4 12. Bc2 b4 13. Bxf6 Bxf6 14. Bxh7+ Kh8 15.
Rh3 Nxe5 16. dxe5 Bg5 17. fxg5 Qxg5 18. Bc2+ Kg8 19. Bh7+ Kh8 20. Qf3 bxc3 21.
bxc3 Qxe5 22. Bg6+ Kg8 23. Rh8+ 1-0

[Event "XXIV MEMORIAL J. KOCHANA"]
[Site "Koszalin"]
[Date "2013.08.11"]
[Round "3.11"]
[White "Koszowski, Krystian"]
[Black "Tymrakiewicz, Marcin"]
[Result "1/2-1/2"]
[WhiteElo "1721"]
[BlackElo "1936"]
[PlyCount "55"]
[EventDate "2013.??.??"]

1. e4 c5 2. Nf3 g6 3. d4 cxd4 4. Nxd4 Nc6 5. c3 Bg7 6. Be3 Nf6 7. Bd3 O-O 8.
O-O d5 9. exd5 Nxd5 10. Nxc6 bxc6 11. Re1 Nxe3 12. Rxe3 e5 13. Na3 f5 14. Qa4
Qc7 15. Rd1 Rb8 16. Bc4+ Kh8 17. Red3 Rxb2 18. Bb3 Re2 19. Nc4 e4 20. Rd6 f4
21. Rxc6 Qe7 22. Kf1 f3 23. Rxc8 Rxc8 24. Nd6 Rf8 25. Qb4 Qf6 26. Nxe4 Rxe4 27.
Qxe4 fxg2+ 28. Qxg2 1/2-1/2

[Event "XXIV MEMORIAL J. KOCHANA"]
[Site "Koszalin"]
[Date "2013.08.11"]
[Round "3.12"]
[White "Janik, Igor"]
[Black "Stefanoff, Zdzislaw"]
[Result "1-0"]
[WhiteElo "1953"]
[BlackElo "1512"]
[PlyCount "73"]
[EventDate "2013.??.??"]

1. e4 c6 2. d4 d5 3. e5 e6 4. Bd3 Bb4+ 5. c3 Ba5 6. f4 Ne7 7. Nf3 O-O 8. Bxh7+
Kh8 9. Bc2 g6 10. h4 Kg7 11. h5 Rh8 12. Ng5 Nf5 13. Bxf5 exf5 14. h6+ Kf8 15.
Nd2 f6 16. exf6 Qxf6 17. Ngf3 Nd7 18. b4 Bc7 19. Qe2 Nb6 20. Ne5 Bxe5 21. fxe5
Qe7 22. Nf3 Nc4 23. Bg5 Qc7 24. Bf6 Kg8 25. Bxh8 Kxh8 26. Nd2 b5 27. Nxc4 dxc4
28. a4 Be6 29. axb5 cxb5 30. Ra6 Bf7 31. O-O Re8 32. Rfa1 Ra8 33. Qf3 Qb8 34.
Qc6 Qf8 35. Rxa7 Rxa7 36. Rxa7 Qxh6 37. Qf6+ 1-0

[Event "XXIV MEMORIAL J. KOCHANA"]
[Site "Koszalin"]
[Date "2013.08.11"]
[Round "3.13"]
[White "Kubiak, Jakub"]
[Black "Smal, Tobiasz"]
[Result "1-0"]
[WhiteElo "1531"]
[BlackElo "1928"]
[PlyCount "65"]
[EventDate "2013.??.??"]

1. e4 c5 2. Nf3 d6 3. d4 cxd4 4. Nxd4 Nf6 5. Nc3 a6 6. Be3 e5 7. Nb3 Be6 8. Be2
Be7 9. O-O O-O 10. f4 exf4 11. Rxf4 Nc6 12. Qd2 Ne5 13. Nd4 b5 14. Nf5 b4 15.
Na4 a5 16. c3 Ng6 17. Nxe7+ Qxe7 18. Rff1 Nxe4 19. Qd4 d5 20. c4 Nf6 21. c5 h6
22. Nb6 Rad8 23. Bxh6 gxh6 24. Rxf6 Kh7 25. Bd3 Rg8 26. Re1 Rg7 27. Bf5 Qc7 28.
Bxe6 fxe6 29. Rexe6 Rf8 30. Nxd5 Qd8 31. Rxf8 Qxf8 32. Nf6+ Kh8 33. Re8 1-0

[Event "XXIV MEMORIAL J. KOCHANA"]
[Site "Koszalin"]
[Date "2013.08.11"]
[Round "3.14"]
[White "Oglaza, Oskar"]
[Black "Gajdamowicz, Patrick"]
[Result "0-1"]
[WhiteElo "1512"]
[BlackElo "1892"]
[PlyCount "128"]
[EventDate "2013.??.??"]

1. e4 e6 2. d4 d5 3. exd5 exd5 4. c4 Nf6 5. Nc3 Bb4 6. Nf3 O-O 7. Be2 dxc4 8.
O-O Be6 9. Bg5 h6 10. Bxf6 Qxf6 11. Nb5 Na6 12. a3 Be7 13. Qc2 c6 14. Nc3 b5
15. Ne5 Bf5 16. Qd2 Rfd8 17. Qe3 Rac8 18. Bf3 Bf8 19. Ne4 Qe7 20. Ng3 Bd7 21.
h3 Nb8 22. Rfe1 Be6 23. Rad1 Qg5 24. Qc3 Bd6 25. Ne4 Qe7 26. Nxd6 Rxd6 27. Nxc6
Nxc6 28. d5 Nd8 29. Qe5 Rc5 30. Qe3 Qc7 31. dxe6 Nxe6 32. Bg4 Rxd1 33. Rxd1 Re5
34. Qg3 Qc5 35. Bxe6 Rxe6 36. Qb8+ Kh7 37. Qf4 Rf6 38. Qe4+ g6 39. Qd4 Qxd4 40.
Rxd4 a5 41. a4 Rb6 42. axb5 Rxb5 43. Rxc4 Rxb2 44. Ra4 Rb1+ 45. Kh2 Rb5 46. Kg3
Kg7 47. f4 Kf6 48. Kf3 Ke6 49. g4 Kd6 50. Ke3 Kc5 51. Kd3 Kc6 52. Kd4 Rd5+ 53.
Kc4 Rc5+ 54. Kd4 Rb5 55. Kc4 Rb4+ 56. Rxb4 axb4 57. Kxb4 Kd5 58. h4 Ke4 59. f5
gxf5 60. g5 hxg5 61. h5 Ke5 62. Kc4 g4 63. Kd3 Kf6 64. Ke3 Kg5 0-1

[Event "XXIV MEMORIAL J. KOCHANA"]
[Site "Koszalin"]
[Date "2013.08.11"]
[Round "3.15"]
[White "Fronczak, Sebastian"]
[Black "Kwiatkowski, Marek"]
[Result "1-0"]
[WhiteElo "1859"]
[BlackElo "1434"]
[PlyCount "113"]
[EventDate "2013.??.??"]

1. e4 c5 2. Nf3 Nc6 3. c3 e6 4. d4 cxd4 5. cxd4 d5 6. exd5 exd5 7. Bb5 Qa5+ 8.
Nc3 Bb4 9. Bd2 Nge7 10. Bd3 Bg4 11. a3 Bxc3 12. bxc3 Qc7 13. O-O O-O 14. Bxh7+
Kh8 15. Bd3 Rae8 16. h3 Bh5 17. Re1 Na5 18. Re5 Bxf3 19. Qxf3 Ng6 20. Rae1 Rxe5
21. Rxe5 Kg8 22. Bxg6 Nc4 23. Bxf7+ Qxf7 24. Qxf7+ Rxf7 25. Re8+ Kh7 26. Bc1
Nb6 27. Kf1 Rc7 28. Re3 Nc4 29. Rf3 Re7 30. Rf5 Nb6 31. Bg5 Rc7 32. Bd8 Rxc3
33. Bxb6 axb6 34. Rxd5 Rxa3 35. Rb5 Ra5 36. Rxb6 Rd5 37. Rxb7 Rxd4 38. g3 Ra4
39. Kg2 Ra3 40. g4 Kg8 41. f3 Ra2+ 42. Kg3 Ra1 43. h4 Rg1+ 44. Kf4 Ra1 45. g5
Kh7 46. Kg4 Ra8 47. h5 Kg8 48. f4 Rf8 49. g6 Ra8 50. Kg5 Ra5+ 51. f5 Ra8 52. h6
gxh6+ 53. Kxh6 Rf8 54. f6 Rxf6 55. Rb8+ Rf8 56. Rxf8+ Kxf8 57. Kh7 1-0

[Event "XXIV MEMORIAL J. KOCHANA"]
[Site "Koszalin"]
[Date "2013.08.11"]
[Round "3.16"]
[White "Cwirko, Mateusz"]
[Black "Januszkiewicz, Wojciech"]
[Result "0-1"]
[WhiteElo "1420"]
[BlackElo "1841"]
[PlyCount "104"]
[EventDate "2013.??.??"]

1. e4 c5 2. Nf3 d6 3. d4 cxd4 4. Qxd4 Bd7 5. Nc3 Nc6 6. Qd1 Nf6 7. Bd3 g6 8.
O-O Bg7 9. Bd2 O-O 10. h3 a6 11. Nh2 b5 12. a3 Be6 13. Kh1 Nd7 14. f4 Nb6 15.
b3 b4 16. axb4 Nxb4 17. Rf3 a5 18. Bb5 Qc7 19. Rc1 Rfc8 20. Qe1 Qb7 21. Nf1 d5
22. exd5 N6xd5 23. Bc4 Nxc3 24. Bxe6 fxe6 25. Bxc3 Bxc3 26. Rxc3 Rxc3 27. Qxc3
Na2 28. Qb2 Nxc1 29. Qxc1 Qe4 30. Qd2 Qd5 31. Qe2 Rf8 32. Qg4 Qf5 33. Qxf5 exf5
34. Ne3 Rd8 35. Nc4 Rc8 36. Nxa5 Rxc2 37. Kg1 Kf7 38. Kh2 h6 39. Kg3 g5 40.
fxg5 hxg5 41. Kf3 Rc3+ 42. Kf2 Kf6 43. Ke2 e5 44. Kf2 f4 45. Ke2 e4 46. Kf2
Rc2+ 47. Kf1 g4 48. Nc4 g3 49. Na3 Ra2 50. Nc4 f3 51. gxf3 exf3 52. Ke1 g2 0-1

[Event "XXIV MEMORIAL J. KOCHANA"]
[Site "Koszalin"]
[Date "2013.08.11"]
[Round "3.18"]
[White "Los, Kazimierz"]
[Black "Bilczewski, Kacper"]
[Result "0-1"]
[WhiteElo "1388"]
[BlackElo "1807"]
[PlyCount "100"]
[EventDate "2013.??.??"]

1. d4 d5 2. Nf3 Nf6 3. g3 e6 4. Bg2 c5 5. Bg5 Nc6 6. c3 Bd6 7. Nbd2 O-O 8. e4
cxd4 9. Nxd4 Nxd4 10. cxd4 dxe4 11. Nxe4 Bb4+ 12. Nc3 h6 13. Be3 Nd5 14. Bxd5
Qxd5 15. O-O Qf5 16. f4 b6 17. g4 Qa5 18. Ne4 Bb7 19. Ng3 Qd5 20. Rf2 Be7 21.
Qb3 Qc6 22. Rc1 Qd6 23. Qd3 Bh4 24. Qd2 Qd5 25. Rg2 Qxg2+ 26. Qxg2 Bxg2 27.
Kxg2 Bxg3 28. Kxg3 Rac8 29. Rc3 b5 30. Rc5 a6 31. a3 Rfd8 32. Kf3 Kf8 33. h4
Rxc5 34. dxc5 Ke7 35. Ke4 g6 36. f5 gxf5+ 37. gxf5 exf5+ 38. Kxf5 Rd5+ 39. Ke4
Ke6 40. Bd4 f5+ 41. Ke3 f4+ 42. Ke4 f3 43. Bf2 Rd2 44. Kxf3 Rxb2 45. c6 Rc2 46.
Be1 Rxc6 47. Bb4 Kf5 48. Bf8 h5 49. Bb4 Rc4 50. Be7 a5 0-1

[Event "XXIV MEMORIAL J. KOCHANA"]
[Site "Koszalin"]
[Date "2013.08.11"]
[Round "3.19"]
[White "Wolaniecki, Patryk"]
[Black "Lanica, Lukasz"]
[Result "0-1"]
[WhiteElo "1388"]
[BlackElo "1691"]
[PlyCount "84"]
[EventDate "2013.??.??"]

1. e4 c5 2. Nf3 Nc6 3. d4 cxd4 4. Nxd4 Nf6 5. Nc3 g6 6. Be3 Bg7 7. Bc4 O-O 8.
O-O d6 9. h3 Bd7 10. Qd2 Rc8 11. Bb3 Na5 12. Rad1 Nc4 13. Bxc4 Rxc4 14. f3 a6
15. Kh1 Qc8 16. Nde2 b5 17. b3 Rc7 18. b4 Be6 19. a3 Nh5 20. Bd4 Bxd4 21. Qxd4
Bc4 22. g4 Ng3+ 23. Nxg3 Bxf1 24. Nd5 Bc4 25. Nxc7 Qxc7 26. c3 Rc8 27. Rc1 a5
28. h4 axb4 29. axb4 Ra8 30. h5 Ra2 31. f4 e5 32. fxe5 dxe5 33. Qd1 Qe7 34. Kg1
Qh4 35. Rc2 Qxg3+ 36. Kh1 Qh3+ 37. Kg1 Qe3+ 38. Kh2 Rxc2+ 39. Qxc2 Qe2+ 40.
Qxe2 Bxe2 41. hxg6 hxg6 42. Kg3 g5 0-1

[Event "XXIV MEMORIAL J. KOCHANA"]
[Site "Koszalin"]
[Date "2013.08.11"]
[Round "3.20"]
[White "Bilczewska, Olga"]
[Black "Kupiak, Sylwester"]
[Result "0-1"]
[WhiteElo "1223"]
[BlackElo "1662"]
[PlyCount "100"]
[EventDate "2013.??.??"]

1. e4 d5 2. exd5 Qxd5 3. Nc3 Qa5 4. d4 Nf6 5. Nf3 Ne4 6. Bd2 Nxd2 7. Qxd2 e6 8.
a3 Bb4 9. Be2 Bxc3 10. bxc3 O-O 11. O-O Nd7 12. Rfb1 c6 13. Rb3 Nf6 14. Rab1
Rd8 15. Qe3 Nd5 16. Qd3 Qc7 17. Ng5 Nf6 18. Qh3 h6 19. Nf3 Qe7 20. Qg3 Ne4 21.
Qf4 f5 22. Ne5 g5 23. Qc1 Nf6 24. h4 Qg7 25. h5 Nd7 26. Ng6 Nb6 27. f4 g4 28.
Qe1 Bd7 29. Ne5 Be8 30. Qh4 Rab8 31. Rd1 Nd5 32. c4 Nxf4 33. Bf1 Nxh5 34. Re3
Qf6 35. Qf2 Bf7 36. Nxf7 Kxf7 37. c3 Re8 38. Rde1 Re7 39. a4 Rbe8 40. c5 Kg7
41. Qb2 f4 42. Re4 Ng3 43. Re5 h5 44. Bc4 Nf5 45. R1e4 Ne3 46. Ba2 Nd5 47. Rxh5
Rh8 48. Rhe5 g3 49. Qe2 Rh1+ 50. Kxh1 Qh4+ 0-1

[Event "XXIV MEMORIAL J. KOCHANA"]
[Site "Koszalin"]
[Date "2013.08.11"]
[Round "3.24"]
[White "Zimochocki, Roman"]
[Black "Ciesielski, Jan"]
[Result "1-0"]
[WhiteElo "1775"]
[BlackElo "1268"]
[PlyCount "87"]
[EventDate "2013.??.??"]

1. d4 d5 2. Nf3 c5 3. c3 Bf5 4. Bf4 Nc6 5. e3 e6 6. Bd3 Bxd3 7. Qxd3 c4 8. Qc2
Nf6 9. Nbd2 Bd6 10. Bg5 h6 11. Bh4 O-O 12. O-O Be7 13. Bg3 Bd6 14. e4 Bxg3 15.
hxg3 Qc7 16. Rfe1 Rfe8 17. Nh4 Rad8 18. e5 Nd7 19. f4 Nf8 20. f5 exf5 21. Nxf5
Ne6 22. Nd6 Rf8 23. Qf5 Ne7 24. Qg4 Nc8 25. Nf5 Ne7 26. Nxh6+ Kh8 27. Nxf7+
Rxf7 28. Qxe6 Rdf8 29. Rf1 Rxf1+ 30. Rxf1 Rxf1+ 31. Nxf1 Kh7 32. Ne3 Nc6 33.
Qxd5 Qb6 34. Nxc4 Qa6 35. Nd6 Qb6 36. Qe4+ Kg8 37. b3 Qa6 38. a4 Qb6 39. Qd5+
Kh7 40. e6 Qd8 41. Qf5+ Kg8 42. Qf7+ Kh7 43. Qh5+ Kg8 44. Nf7 1-0

[Event "XXIV MEMORIAL J. KOCHANA"]
[Site "Koszalin"]
[Date "2013.08.11"]
[Round "3.25"]
[White "Turzynska, Grazyna"]
[Black "Sowinski, Ryszard"]
[Result "0-1"]
[WhiteElo "1487"]
[BlackElo "1560"]
[PlyCount "119"]
[EventDate "2013.??.??"]

1. e4 e5 2. Bc4 Nf6 3. d3 c6 4. Bg5 d6 5. Nc3 a5 6. a3 Be7 7. Nge2 O-O 8. O-O
h6 9. Bd2 Bg4 10. f3 Be6 11. Bxe6 fxe6 12. f4 Nfd7 13. Be3 Bf6 14. Qd2 d5 15.
exd5 exd5 16. fxe5 Bxe5 17. d4 Bd6 18. Rxf8+ Nxf8 19. Rf1 Nbd7 20. Nf4 Qh4 21.
Rf3 Bxf4 22. Bxf4 Re8 23. Ne2 Nf6 24. Bg3 Qe4 25. Be5 N8d7 26. Re3 Qg6 27. Rg3
Qe4 28. Re3 Qg6 29. Nf4 Qf5 30. Nd3 b6 31. b4 a4 32. h3 Ne4 33. Qe1 Qg5 34. Bf4
Qf5 35. g4 Qf6 36. c3 Rf8 37. Kg2 Qg6 38. Bg3 Qf7 39. Nf4 Ndf6 40. Nd3 Nd7 41.
Nf2 Ndf6 42. Qe2 Nxf2 43. Bxf2 Ne4 44. Be1 Qf4 45. Rf3 Qxf3+ 46. Qxf3 Rxf3 47.
Kxf3 g5 48. c4 Nd6 49. c5 bxc5 50. dxc5 Nc4 51. b5 cxb5 52. c6 Ne5+ 53. Ke3
Nxc6 54. h4 Kg7 55. hxg5 hxg5 56. Bc3+ Kf7 57. Kd3 Ke6 58. Bb2 Ne5+ 59. Bxe5
Kxe5 60. Ke3 0-1

[Event "XXIV MEMORIAL J. KOCHANA"]
[Site "Koszalin"]
[Date "2013.08.11"]
[Round "3.26"]
[White "Leszczewska, Edyta"]
[Black "Pijewski, Milosz"]
[Result "0-1"]
[WhiteElo "1382"]
[BlackElo "1516"]
[PlyCount "66"]
[EventDate "2013.??.??"]

1. e4 c6 2. d4 d5 3. exd5 cxd5 4. Nc3 Nf6 5. Nf3 Nc6 6. Bd3 Bg4 7. Bb5 a6 8.
Bxc6+ bxc6 9. Qd3 e6 10. O-O Bf5 11. Qe2 Bd6 12. Bg5 h6 13. Bh4 Be7 14. Ne5 Qb6
15. Rab1 Qxd4 16. Bxf6 Bxf6 17. Nxc6 Qc5 18. Ne5 d4 19. Qf3 Rc8 20. Nd3 Bxd3
21. Qxd3 dxc3 22. bxc3 Qxc3 23. Qxa6 Qxc2 24. Rfd1 O-O 25. a3 Rfd8 26. Qf1 Rxd1
27. Rxd1 Qb3 28. Rd3 Qxd3 29. Qxd3 Rc1+ 30. Qf1 Rxf1+ 31. Kxf1 Kf8 32. Ke2 Ke7
33. Kd3 Kd6 0-1

[Event "XXIV MEMORIAL J. KOCHANA"]
[Site "Koszalin"]
[Date "2013.08.11"]
[Round "3.27"]
[White "Kozlowski, Konrad"]
[Black "Luczak, Filip"]
[Result "1-0"]
[WhiteElo "1515"]
[BlackElo "1360"]
[PlyCount "83"]
[EventDate "2013.??.??"]

1. e4 c5 2. Nc3 e6 3. g3 d5 4. exd5 exd5 5. d4 Nf6 6. Bg2 cxd4 7. Qxd4 Nc6 8.
Qd1 d4 9. Nce2 Bc5 10. Bxc6+ bxc6 11. Qd3 Be6 12. Nf3 Qd5 13. O-O Bf5 14. Qb3
Qxb3 15. axb3 d3 16. Ned4 Be4 17. Re1 Kd7 18. cxd3 Bxd3 19. Rd1 Be4 20. Be3 Kc7
21. Ng5 Bxd4 22. Rxd4 Bd5 23. Rda4 Kd6 24. Rxa7 Rxa7 25. Rxa7 Nd7 26. b4 f6 27.
Nh3 g5 28. Ra5 Rb8 29. f4 g4 30. Nf2 Rxb4 31. Nxg4 Rxb2 32. Bd4 Rg2+ 33. Kf1
Rd2 34. Bxf6 Nxf6 35. Nxf6 Rxh2 36. Nxd5 cxd5 37. Ra6+ Kc5 38. f5 Rh5 39. f6
Rf5+ 40. Ke2 Kd4 41. g4 Rf4 42. Ra4+ 1-0

[Event "XXIV MEMORIAL J. KOCHANA"]
[Site "Koszalin"]
[Date "2013.08.11"]
[Round "3.28"]
[White "Wasilewska, Paula"]
[Black "Kedziera, Izydor"]
[Result "0-1"]
[WhiteElo "1317"]
[BlackElo "1512"]
[PlyCount "120"]
[EventDate "2013.??.??"]

1. d4 d6 2. e4 e6 3. c4 Be7 4. Be3 Bg5 5. Qd2 h6 6. Bd3 Nd7 7. Nc3 Bxe3 8. Qxe3
e5 9. d5 a6 10. Nge2 Ngf6 11. f3 Nh5 12. b3 g5 13. O-O-O Nc5 14. g3 Bd7 15. f4
exf4 16. gxf4 Nxf4 17. Nxf4 Qf6 18. Nfe2 Bg4 19. Rhf1 Qg7 20. Qd2 Nd7 21. Rde1
Ne5 22. Ng1 Bd7 23. h3 Rf8 24. Rf2 O-O-O 25. Rg2 Rde8 26. h4 f6 27. Bc2 Qg6 28.
hxg5 fxg5 29. Rf2 Rf7 30. Rxf7 Qxf7 31. Kb2 Qg7 32. Qd4 b6 33. Nf3 g4 34. Nxe5
Rxe5 35. Rg1 h5 36. Ne2 Qg5 37. Ng3 h4 38. Nf5 Kb7 39. Bd1 g3 40. Bc2 Bxf5 41.
exf5 g2 42. f6 h3 43. f7 Qg7 44. Be4 Qxf7 45. Ka3 Qf4 46. Qd3 Qh2 47. Bxg2 hxg2
48. Qd1 Qg3 49. Qd2 Rg5 50. Qb2 b5 51. cxb5 axb5 52. Qc2 Rxd5 53. Rxg2 b4+ 54.
Kxb4 Qf4+ 55. Ka3 Qe5 56. b4 c5 57. Qb2 Rd3+ 58. Ka4 Qe8+ 59. Ka5 Qa8+ 60. Kb5
Qa6# 0-1

[Event "XXIV MEMORIAL J. KOCHANA"]
[Site "Koszalin"]
[Date "2013.08.12"]
[Round "4.1"]
[White "Sieciechowicz, Marcin"]
[Black "Piotrowski, Pawel"]
[Result "1-0"]
[WhiteElo "2458"]
[BlackElo "1959"]
[PlyCount "77"]
[EventDate "2013.??.??"]

1. d4 d5 2. c4 c6 3. Nf3 Nf6 4. Nc3 e6 5. Bg5 dxc4 6. e4 b5 7. e5 h6 8. Bh4 g5
9. Nxg5 hxg5 10. Bxg5 Nbd7 11. g3 Bb7 12. exf6 c5 13. d5 Qb6 14. Bg2 O-O-O 15.
O-O b4 16. Na4 Qa6 17. a3 Bxd5 18. Bxd5 Ne5 19. axb4 Rxd5 20. Qe2 cxb4 21. Nc3
Ra5 22. Rxa5 Qxa5 23. Ne4 Nd3 24. b3 Qe5 25. Qe3 Bc5 26. Nxc5 Qxc5 27. bxc4
Qxe3 28. Bxe3 Kb7 29. Rd1 Rd8 30. Kf1 b3 31. Rb1 b2 32. Bd2 Kc6 33. Bc3 Kc5 34.
Bxb2 Kxc4 35. Ba3 Rd5 36. Rb7 Rf5 37. Rxf7 Rxf2+ 38. Kg1 Ra2 39. Rc7+ 1-0

[Event "XXIV MEMORIAL J. KOCHANA"]
[Site "Koszalin"]
[Date "2013.08.12"]
[Round "4.5"]
[White "Brusilowicz, Przemyslaw"]
[Black "Mielczarski, Miroslaw"]
[Result "1-0"]
[WhiteElo "1954"]
[BlackElo "2241"]
[PlyCount "165"]
[EventDate "2013.??.??"]

1. e4 e5 2. Nf3 Nc6 3. Bb5 a6 4. Ba4 Nf6 5. O-O Be7 6. Re1 b5 7. Bb3 d6 8. c3
O-O 9. d3 Na5 10. Bc2 c5 11. Nbd2 Re8 12. Nf1 Bf8 13. Ne3 Nc6 14. a4 Rb8 15. h3
b4 16. Bd2 h6 17. Nh2 Be6 18. Nhg4 Nh7 19. Nf5 d5 20. Qe2 Kh8 21. exd5 Qxd5 22.
Nfe3 Qd7 23. Nc4 f6 24. b3 Bf5 25. Rad1 Red8 26. Qf3 Ng5 27. Bxg5 hxg5 28. Nge3
Bg6 29. d4 Bxc2 30. Nxc2 cxd4 31. cxd4 exd4 32. N2e3 Kg8 33. Nf5 g6 34. Nfe3 f5
35. g4 f4 36. Nf1 Bg7 37. Qe4 Kf7 38. Nfd2 d3 39. Nf3 Qd5 40. Nxg5+ Qxg5 41.
Qxc6 Qd5 42. Qc7+ Qd7 43. Qxf4+ Kg8 44. Qg5 Qf7 45. Re7 Qf6 46. Qxf6 Bxf6 47.
Re3 d2 48. Rxd2 Rxd2 49. Nxd2 Rd8 50. Nc4 Rd1+ 51. Kg2 Rb1 52. Re6 Kf7 53. Rxa6
Rxb3 54. Ra7+ Ke6 55. Ra6+ Ke7 56. Ra7+ Ke6 57. Ra6+ Ke7 58. Ra7+ Kf8 59. Ra8+
Ke7 60. Ra7+ Kd8 61. Rb7 Bd4 62. a5 Rb1 63. a6 Ra1 64. Rxb4 Rxa6 65. Ne3 Ba7
66. Re4 Bc5 67. h4 Be7 68. Kg3 Ra5 69. f4 Ra3 70. h5 gxh5 71. gxh5 Ke8 72. Kg4
Kf7 73. Nf5 Bf8 74. Rc4 Ra1 75. Rc7+ Kf6 76. Rc6+ Kf7 77. Nd6+ Ke6 78. Ne4+ Kf7
79. Ng5+ Kg8 80. Rc8 Ra3 81. Kf5 Ra5+ 82. Kf6 Ra6+ 83. Ne6 1-0

[Event "XXIV MEMORIAL J. KOCHANA"]
[Site "Koszalin"]
[Date "2013.08.12"]
[Round "4.6"]
[White "Lanica, Lukasz"]
[Black "Janik, Igor"]
[Result "0-1"]
[WhiteElo "1691"]
[BlackElo "1953"]
[PlyCount "88"]
[EventDate "2013.??.??"]

1. e4 c5 2. Nf3 d6 3. d4 cxd4 4. Nxd4 Nf6 5. Nc3 g6 6. Be3 Bg7 7. f3 O-O 8. Qd2
Nc6 9. g4 Be6 10. Nxe6 fxe6 11. O-O-O Ne5 12. Be2 Rc8 13. Nb5 a6 14. Nd4 Qd7
15. Kb1 Nc4 16. Bxc4 Rxc4 17. h4 Rfc8 18. h5 e5 19. Ne2 Rxc2 20. Qxc2 Rxc2 21.
Kxc2 Qa4+ 22. Kb1 Nxe4 23. Rc1 Qb5 24. Rh2 Qd3+ 25. Ka1 Qxe3 26. fxe4 Qxe4 27.
Rg1 g5 28. Rf2 Bf6 29. Nc3 Qd4 30. Rff1 e4 31. Re1 Qb6 32. Rg2 Bxc3 33. bxc3
Qc6 34. Rg3 Qc4 35. Kb2 d5 36. Rg2 d4 37. Rc1 d3 38. Re1 b5 39. Rf2 b4 40. Rc1
e3 41. Rf5 Qxg4 42. Rcf1 Qe2+ 43. Kb3 Qxf1 44. Rxf1 e2 0-1

[Event "XXIV MEMORIAL J. KOCHANA"]
[Site "Koszalin"]
[Date "2013.08.12"]
[Round "4.7"]
[White "Lebiedowicz, Borys"]
[Black "Lisinski, Henryk"]
[Result "1/2-1/2"]
[WhiteElo "1781"]
[BlackElo "1929"]
[PlyCount "125"]
[EventDate "2013.??.??"]

1. e4 e5 2. Nf3 Nc6 3. Bb5 a6 4. Ba4 Nf6 5. O-O Be7 6. Re1 b5 7. Bb3 O-O 8. d4
d6 9. c3 Bg4 10. Be3 Na5 11. Bc2 Nc4 12. b3 Nxe3 13. fxe3 Nd7 14. Nbd2 c5 15.
d5 Qa5 16. c4 Rab8 17. Bd3 Bh4 18. Rf1 Bg5 19. Qe1 Be7 20. h3 Bh5 21. Be2 Bg6
22. Qf2 Nf6 23. Bd3 Qc3 24. Qe2 bxc4 25. Bxc4 Nxe4 26. Nxe4 Bxe4 27. Nd2 Bg6
28. Bxa6 Bg5 29. Rfe1 Ra8 30. Bb5 Rfb8 31. Bc6 Ra7 32. Rac1 Qb2 33. a4 Bh4 34.
Red1 h6 35. Bb5 Bg5 36. g3 e4 37. h4 Bf6 38. Qg4 h5 39. Qf4 Be5 40. Qf2 Bf6 41.
Nc4 Qxf2+ 42. Kxf2 Be7 43. Rc2 f5 44. Rdd2 Be8 45. Na3 Bf7 46. Rd1 Kf8 47. Rdc1
Bxd5 48. Nc4 Bxc4 49. bxc4 Bf6 50. Rd2 Be5 51. Kg2 Ke7 52. Rf1 g6 53. Kh3 Ke6
54. Rfd1 Rg8 55. Rg2 Kf6 56. Rf1 Ke6 57. Rd1 g5 58. hxg5 Rxg5 59. Bc6 Kf6 60.
Rf1 Rag7 61. Rfg1 Ra7 62. Rb1 Rgg7 63. Rd1 1/2-1/2

[Event "XXIV MEMORIAL J. KOCHANA"]
[Site "Koszalin"]
[Date "2013.08.12"]
[Round "4.8"]
[White "Karwowski, Kacper"]
[Black "Koszowski, Krystian"]
[Result "1-0"]
[WhiteElo "1904"]
[BlackElo "1721"]
[PlyCount "87"]
[EventDate "2013.??.??"]

1. e4 e5 2. Nf3 Nc6 3. Bb5 d6 4. d4 exd4 5. Nxd4 Bd7 6. Nc3 g6 7. O-O Bg7 8.
Be3 Nge7 9. g4 O-O 10. g5 Nxd4 11. Bxd4 Bxd4 12. Qxd4 Bxb5 13. Nxb5 Qd7 14. Qd3
a6 15. Nc3 Qg4+ 16. Qg3 Qxg3+ 17. hxg3 Rfe8 18. Rad1 Kg7 19. f4 Nc6 20. Kf2
Rad8 21. Rh1 Nb4 22. a3 Nc6 23. Nd5 Rc8 24. Nf6 Rh8 25. Rh6 Rcd8 26. Rdh1 Nd4
27. Rxh7+ Rxh7 28. Rxh7+ Kf8 29. Nd5 Kg8 30. Rh1 c6 31. Nf6+ Kg7 32. Rd1 Nxc2
33. Rd2 Rh8 34. Ng4 Na1 35. Rxd6 Nb3 36. f5 gxf5 37. exf5 Rh5 38. f6+ Kg6 39.
Ne5+ Kxg5 40. Nxf7+ Kg6 41. g4 Rd5 42. Nh8+ Kh7 43. f7 Kg7 44. Rg6+ 1-0

[Event "XXIV MEMORIAL J. KOCHANA"]
[Site "Koszalin"]
[Date "2013.08.12"]
[Round "4.10"]
[White "Kucharski, Krzysztof"]
[Black "Stylinski, Piotr"]
[Result "1-0"]
[WhiteElo "1864"]
[BlackElo "1576"]
[PlyCount "125"]
[EventDate "2013.??.??"]

1. e4 Nf6 2. e5 Nd5 3. d4 d6 4. exd6 cxd6 5. c4 Nb6 6. Nf3 g6 7. Nc3 Bg7 8. Be3
O-O 9. Be2 Nc6 10. Qd2 Bg4 11. b3 Nd7 12. h3 Bxf3 13. Bxf3 e5 14. Bxc6 bxc6 15.
O-O f5 16. dxe5 dxe5 17. Bg5 Qc7 18. Rad1 Rf7 19. Qd6 Rc8 20. Be7 Qxd6 21. Bxd6
e4 22. Na4 Bf8 23. Bxf8 Kxf8 24. Rd6 Ke7 25. Rfd1 Rc7 26. Kf1 Rf6 27. Rxf6 Kxf6
28. Ke2 Ke7 29. h4 Nf8 30. Nc5 Ne6 31. Nxe6 Kxe6 32. Ke3 Ke5 33. g3 h6 34. Rd8
g5 35. Rh8 f4+ 36. gxf4+ gxf4+ 37. Ke2 Rb7 38. Rxh6 Rb6 39. Rh7 Ra6 40. a4 Rb6
41. Re7+ Kf5 42. Rf7+ Ke5 43. Rxa7 Rxb3 44. Rd7 Ra3 45. h5 Rxa4 46. h6 Ra2+ 47.
Kf1 Ra8 48. h7 Rh8 49. Ke2 Ke6 50. Rc7 Kd6 51. Rf7 f3+ 52. Ke3 Kc5 53. Kxe4
Kxc4 54. Kxf3 Kd3 55. Kg4 c5 56. Rc7 c4 57. Kg5 c3 58. Kg6 Rf8 59. Kg7 Rxf2 60.
h8=Q c2 61. Qd8+ Ke3 62. Qg5+ Kf3 63. Rxc2 1-0

[Event "XXIV MEMORIAL J. KOCHANA"]
[Site "Koszalin"]
[Date "2013.08.12"]
[Round "4.11"]
[White "Kupiak, Sylwester"]
[Black "Fronczak, Sebastian"]
[Result "0-1"]
[WhiteElo "1662"]
[BlackElo "1859"]
[PlyCount "66"]
[EventDate "2013.??.??"]

1. e4 e6 2. d4 d5 3. exd5 exd5 4. Bd3 Bd6 5. Ne2 Ne7 6. Bf4 Bg4 7. f3 Bh5 8.
O-O Bg6 9. Bxd6 Qxd6 10. f4 Bxd3 11. Qxd3 Nd7 12. c3 O-O-O 13. b4 g6 14. a4
Rhe8 15. Na3 Kb8 16. Rfb1 Nf5 17. Nc2 Nb6 18. a5 Nc4 19. b5 Rd7 20. b6 cxb6 21.
a6 Rde7 22. Ng3 Nxg3 23. hxg3 Re2 24. axb7 Rd2 25. Qf3 Rxc2 26. Rb5 Ree2 27.
Rbb1 Ne3 28. Re1 Rxg2+ 29. Kh1 Rh2+ 30. Kg1 Rcg2+ 31. Qxg2 Rxg2+ 32. Kh1 Qe6
33. Rxe3 Qh3# 0-1

[Event "XXIV MEMORIAL J. KOCHANA"]
[Site "Koszalin"]
[Date "2013.08.12"]
[Round "4.12"]
[White "Januszkiewicz, Wojciech"]
[Black "Smolenski, Filip"]
[Result "1-0"]
[WhiteElo "1841"]
[BlackElo "1555"]
[PlyCount "33"]
[EventDate "2013.??.??"]

1. e4 e5 2. Nf3 Nc6 3. Bb5 a6 4. Ba4 f5 5. d3 fxe4 6. dxe4 Nf6 7. O-O Bc5 8.
Bg5 d6 9. Nc3 O-O 10. Nd5 Kh8 11. Bxf6 gxf6 12. Nh4 b5 13. Bb3 Nd4 14. Qh5 Nxb3
15. axb3 Kg7 16. b4 Ba7 17. Ra3 1-0

[Event "XXIV MEMORIAL J. KOCHANA"]
[Site "Koszalin"]
[Date "2013.08.12"]
[Round "4.13"]
[White "Trzeciakiewicz, Michal"]
[Black "Dmochowska, Agnieszka"]
[Result "1-0"]
[WhiteElo "1543"]
[BlackElo "1823"]
[PlyCount "47"]
[EventDate "2013.??.??"]

1. e4 c5 2. Nf3 d6 3. Nc3 Nf6 4. d4 cxd4 5. Nxd4 Nc6 6. Bb5 Bd7 7. O-O e5 8.
Nxc6 bxc6 9. Bc4 Be6 10. Bxe6 fxe6 11. f4 exf4 12. Bxf4 Qb6+ 13. Kh1 Qxb2 14.
e5 Qxc3 15. exf6 Qxf6 16. Bxd6 Qg6 17. Bxf8 Rxf8 18. Qd6 Rf5 19. Qxc6+ Kf7 20.
Rxf5+ Qxf5 21. Qxa8 Kg6 22. Re1 Qxc2 23. Rxe6+ Kf5 24. Qd5+ 1-0